000
002620000a22000970004500
100
1
_a
Williams, David T.
245
1
0
_a
Christianity and the New South Africa : Some impressions
300
_a
Vol. 14, Núm 3 (1996), Páginas 80-87
773
0
_t
Evangel
942
_c
ANA
999
_c
54177
_d
54177